Coco Chanel : genio, passione, solitudine /

Saved in:
Bibliografiske detaljer
Hovedforfatter: Delay, Claude (Author)
Format: Bog
Sprog:italiensk
Udgivet: Torino : Lindau, 2012
Serier:Le comete
Fag:
Tags: Tilføj Tag
Ingen Tags, Vær først til at tagge denne postø!

MARC

LEADER 00000nam a22000007i 4500
001 IT\ICCU\LO1\1453299
003 ItRI
005 20250418171313.0
008 121019s2012 it |||||| ||||| |||||c
020 |a 9788871809816 
040 |b ita  |c Arcigay Queer VdA 
041 7 |a ita  |2 ISO-639-2 
082 |a 746.92092  |2 21 
100 1 |a Delay, Claude  |0 IT\ICCU\TO0V\077430  |4 aut 
240 1 0 |a Chanel solitaire.  |9 Delay, Claude 
245 1 0 |a Coco Chanel :  |b  genio, passione, solitudine /  |c Claude Delay. 
260 |a Torino :  |b Lindau,  |c 2012 
300 |a 365 p. :  |b ill. ;  |c 23 cm 
650 7 |a Chanel, Gabrielle 
650 7 |a Chanel, Coco 
830 3 |a Le comete  |0 IT\ICCU\TO0\0707646 
942 |2 ddc  |c BK 
952 |0 0  |1 0  |2 ddc  |4 0  |6 746_920920000000000_DEL_COC  |7 0  |9 3863  |a AO  |b AO  |d 2025-04-18  |l 0  |o 746.92092 DEL COC  |p 11093  |r 2025-04-18 17:13:35  |w 2025-04-18  |x Di proprietà di Giulio Gasperini  |y BK 
981 1 |6 z01  |a i   |b xxxe  
982 1 |6 z01  |a n 
999 |c 3012  |d 3012